Dutch Queens & Kings - Statistics

General Stats
  • This quiz has been taken 200 times
  • The average score is 6 of 7
Answer Stats
Hint Answer % Correct
1980-2013 Beatrix
91%
2013- Willem-Alexander
84%
1815-1840 Willem I
80%
1948-1980 Juliana
79%
1840-1849 Willem II
79%
1890-1948 Wilhelmina
78%
1849-1890 Willem III
77%
No matching quizzes found
Score Distribution
Percent of People with Each Score
Percentile by Number Answered
Your Score History
You have not taken this quiz